000
00319nam a22001457a 4500
008
210301b ||||| |||| 00| 0 eng d
020
_a
9780838562109
041
_a
eng
080
_2
2nd
_a
579
082
_a
579
100
_a
11
101
_a
MIK
245
_a
Medical Microbiology
_c
Sherris, J. C
942
_2
udc
_c
BK
999
_c
55341
_d
55341